|
|
|
|
| LEADER |
00000nam0a2200000 4500 |
| 001 |
119745 |
| 005 |
20231031124723.0 |
| 010 |
|
|
|a 5247006046
|
| 035 |
|
|
|a (RuTPU)RU\TPU\book\129651
|
| 090 |
|
|
|a 119745
|
| 100 |
|
|
|a 20070731d1990 km y0rusy50 ca
|
| 101 |
0 |
|
|a rus
|
| 102 |
|
|
|a RU
|
| 105 |
|
|
|a a z 001zy
|
| 200 |
1 |
|
|a Геологи на крайнем Севере
|f В. И. Оноприенко
|
| 210 |
|
|
|a Москва
|c Недра
|d 1990
|
| 215 |
|
|
|a 140 с.
|c ил.
|
| 225 |
1 |
|
|a Научно-популярная библиотека школьника
|
| 320 |
|
|
|a Библиогр.: с. 139.
|
| 610 |
1 |
|
|a геология
|
| 610 |
1 |
|
|a Крайний Север
|
| 610 |
1 |
|
|a Арктика
|
| 675 |
|
|
|a 55(98)
|v 3
|
| 700 |
|
1 |
|a Оноприенко
|b В. И.
|g Валентин Иванович
|
| 801 |
|
1 |
|a RU
|b 63413507
|c 20070731
|g PSBO
|
| 801 |
|
2 |
|a RU
|b 63413507
|c 20080317
|g PSBO
|
| 942 |
|
|
|c BK
|